00864nam a22001697a 450000500170000000800410001702000230005804100080008108200130008910000240010224501220012626000260024830000420027450400110031652003590032765000080068620250820113016.0250820b |||||||| |||| 00| 0 eng d a9783836510189qhbk aeng a709bSCH aSchneider, Norbert  aStill Life b: still life painting in the early modern periodc/ Norbert Schneider (Author), Hugh Beyer (Translator) aKölnbTaschenc2009 a215 p. b: ill. (some color)c; 31 cm aBiblio aThe still life, the most primordial of painting subjects, had its peak between the late Middle Ages and the 17th century. In this book, Norbert Schneider explores the still life insights into changes of mentality and philosophy as well as its role in the history of scientific discoveries and the gradual replacement of the medieval concept of the world  aArt